000 00596nam a2200217Ia 4500
001 3460
008 170908s 197 ii a g b000 u 465 u
082 _a339
100 _aDornbusch, Rudiger .
245 0 _aMacroeconomics /
_cRudiger Dornbusch & Stanley Fischer.
_hTextual Documents
250 _a6th ed. /
260 _aNew York :
_bMcGraw - Hill book company ,
_cC 1978.
300 _a722p. :
_bill ;
_c23cm .
504 _aIndex
653 _aEconomics
653 _aMacroeconomics
653 _aG-Economics
653 _aMS-Economics
700 _aFischer, Stanley .
942 _2ddc
_cBK
999 _c3448
_d3448